Southville International School and Colleges
Your cart is empty.
  • Cart
  • Lists
    Public lists Eva Luna New books Lux_list list_1
    Your lists Log in to create your own lists
  • Log in to your account
  • Your cookies
  • Search history
Southville International School and Colleges
  • Advanced search
  • Recent comments
  • Most popular
  • Libraries

Log in to your account

Log in with GOOGLE


If you do not have an external account, but do have a local account, you can still log in:

  1. Home
  2. MARC view: Developing positive behavior by Filipino values /
Normal view MARC view ISBD view

Developing positive behavior by Filipino values / (Record no. 290507)

[ view plain ]
MARC details
000 -LEADER
fixed length control field 00917nam a2200277 a 4500
001 - CONTROL NUMBER
control field 612940
003 - CONTROL NUMBER IDENTIFIER
control field PILC
005 - DATE AND TIME OF LATEST TRANSACTION
control field 20160213102948.0
008 - FIXED-LENGTH DATA ELEMENTS--GENERAL INFORMATION
fixed length control field 911223s1991 ph a b 000 0 eng
010 ## - LIBRARY OF CONGRESS CONTROL NUMBER
LC control number 91945388
020 ## - INTERNATIONAL STANDARD BOOK NUMBER
International Standard Book Number 9715100325
040 ## - CATALOGING SOURCE
Original cataloging agency DLC
Transcribing agency DLC
043 ## - GEOGRAPHIC AREA CODE
Geographic area code a-ph---
050 00 - LIBRARY OF CONGRESS CALL NUMBER
Classification number HF 5549.2.P45
Item number .A478 1991
100 1# - MAIN ENTRY--PERSONAL NAME
Personal name Andres, Tomas Quintin D.,
Dates associated with a name 1942-
245 10 - TITLE STATEMENT
Title Developing positive behavior by Filipino values /
Statement of responsibility, etc by Tomas D. Andres.
260 ## - PUBLICATION, DISTRIBUTION, ETC. (IMPRINT)
Place of publication, distribution, etc Manila :
Name of publisher, distributor, etc Divine Word Publications,
Date of publication, distribution, etc 1991.
300 ## - PHYSICAL DESCRIPTION
Extent x, 218 pages :
Other physical details illustrations ;
Dimensions 23 cm.
500 ## - GENERAL NOTE
General note Includes bibliographical references.
650 #0 - SUBJECT ADDED ENTRY--TOPICAL TERM
Topical term or geographic name as entry element Personnel management
Geographic subdivision Philippines.
650 #0 - SUBJECT ADDED ENTRY--TOPICAL TERM
Topical term or geographic name as entry element Employee motivation
Geographic subdivision Philippines.
650 #0 - SUBJECT ADDED ENTRY--TOPICAL TERM
Topical term or geographic name as entry element Values
Geographic subdivision Philippines.
906 ## - LOCAL DATA ELEMENT F, LDF (RLIN)
a 7
b cbc
c orignew
d 3
e ncip
f 19
g y-gencatlg
942 ## - ADDED ENTRY ELEMENTS (KOHA)
Source of classification or shelving scheme Library of Congress Classification
Koha item type Books
Call number prefix Filipininana
Holdings
Withdrawn status Lost status Source of classification or shelving scheme Damaged status Home library Current library Shelving location Date acquired Source of acquisition Sub Shelving location Total Checkouts Full call number Barcode Date last seen Price effective from Koha item type
    Library of Congress Classification   College Library College Library Filipiniana Section 02/13/2016 Donation     HF 5549.2.P45 .A478 1991 C20387 05/08/2018 02/13/2016 Books

Developing positive behavior by Filipino values /

APA

Andres T. Q. D., . (1991). Developing positive behavior by Filipino values. Manila: Divine Word Publications.

Chicago

Andres Tomas Quintin D, . 1991. Developing positive behavior by Filipino values. Manila: Divine Word Publications.

Harvard

Andres T. Q. D., . (1991). Developing positive behavior by Filipino values. Manila: Divine Word Publications.

MLA

Andres Tomas Quintin D, . Developing positive behavior by Filipino values. Manila: Divine Word Publications. 1991.

  • Place hold
  • Print
  • Cite
  • Add to your cart (remove)
  • Save record
    BIBTEX Dublin Core MARCXML MARC (non-Unicode/MARC-8) MARC (Unicode/UTF-8) MARC (Unicode/UTF-8, Standard) MODS (XML) RIS
  • More searches
    Search for this title in:
    Other Libraries (WorldCat) Other Databases (Google Scholar) Online Stores (Bookfinder.com) Open Library (openlibrary.org)

Exporting to Dublin Core...

SOUTHVILLE LIBRARY

Southville International School and Colleges Library

1281 Tropical Ave. Cor. Luxembourg St., BF Homes International, Las Pinas City

Tel. No. 8256374 / 252358 Loc. 117/146

Powered by Koha